Statistics for City Triplets in Every U.S. State

Click here to take the quiz!

General Stats

  • This quiz has been taken 43 times
  • The average score is 69 of 153

Answer Stats

StateHintCities% Correct
AlabamaMajor cities starting with MMontgomery
94%
CaliforniaCities over 500k starting with "San"San Jose
94%
GeorgiaCities over 100k starting with AAtlanta
91%
ArkansasUrban centers on the Arkansas River with two-word namesLittle Rock
91%
CaliforniaCities over 500k starting with "San"San Francisco
91%
AlaskaThe only cities over 10k populationAnchorage
88%
AlaskaThe only cities over 10k populationJuneau
88%
CaliforniaCities over 500k starting with "San"San Diego
88%
IllinoisCities over 100k outside the Chicago metro areaSpringfield
88%
FloridaPrincipal cities of the Tampa Bay areaTampa
88%
OhioBiggest in the state, all starting with CColumbus
85%
ColoradoUniversity of Colorado undergraduate campusesDenver
85%
IowaMajor cities starting with DDes Moines
85%
New MexicoCounty seats starting with AAlbuquerque
82%
GeorgiaCities over 100k starting with AAugusta
82%
New YorkWesternmost cities over 100k populationBuffalo
82%
OhioBiggest in the state, all starting with CCincinnati
82%
ColoradoUniversity of Colorado undergraduate campusesColorado Springs
82%
AlaskaThe only cities over 10k populationFairbanks
82%
ConnecticutCities starting with "New"New Haven
82%
ColoradoUniversity of Colorado undergraduate campusesBoulder
79%
OhioBiggest in the state, all starting with CCleveland
79%
TexasCities over 1M populationDallas
79%
ArizonaPhoenix suburbs ending in "-dale"Glendale
79%
TexasCities over 1M populationHouston
79%
LouisianaCities over 100k along the I-10 corridorNew Orleans
79%
LouisianaCities over 100k along the I-10 corridorBaton Rouge
76%
DelawareCounty seats of the state's three countiesDover
76%
IdahoCities on the Snake River with names ending in "Falls"Idaho Falls
76%
AlabamaMajor cities starting with MMobile
76%
OregonUrban centers of the Willamette ValleySalem
76%
TexasCities over 1M populationSan Antonio
76%
FloridaPrincipal cities of the Tampa Bay areaSt. Petersburg
76%
GeorgiaCities over 100k starting with AAthens
73%
MissouriLocations of the main University of Missouri campusesKansas City
73%
TennesseeBiggest city in each Grand DivisionMemphis
73%
TennesseeBiggest city in each Grand DivisionNashville
73%
OregonUrban centers of the Willamette ValleyPortland
73%
MissouriLocations of the main University of Missouri campusesSt. Louis
73%
DelawareCounty seats of the state's three countiesWilmington
73%
New JerseyAtlantic County coast cities with names ending in "City"Atlantic City
70%
MissouriLocations of the main University of Missouri campusesColumbia
70%
New HampshireMajor cities along the Merrimack RiverManchester
70%
New YorkWesternmost cities over 100k populationSyracuse
70%
North CarolinaCollege towns in the "Research Triangle"Durham
67%
MichiganTwo-word cities over 100k populationGrand Rapids
67%
North CarolinaCollege towns in the "Research Triangle"Raleigh
67%
ArizonaPhoenix suburbs ending in "-dale"Scottsdale
67%
MontanaMajor cities along I-90 starting with BBillings
64%
HawaiiSeats of the three county governments outside HonoluluHilo
64%
TennesseeBiggest city in each Grand DivisionKnoxville
64%
New YorkWesternmost cities over 100k populationRochester
64%
MichiganTwo-word cities over 100k populationAnn Arbor
61%
North CarolinaCollege towns in the "Research Triangle"Chapel Hill
61%
New HampshireMajor cities along the Merrimack RiverConcord
61%
VirginiaAdjacent cities in the state's far southeastern cornerVirginia Beach
61%
IowaMajor cities starting with DDavenport
58%
OregonUrban centers of the Willamette ValleyEugene
58%
KansasFormer territorial capitals starting with LLawrence
58%
VirginiaAdjacent cities in the state's far southeastern cornerNorfolk
58%
MississippiPrimary urban centers on the Gulf CoastBiloxi
55%
MontanaMajor cities along I-90 starting with BBozeman
55%
IllinoisCities over 100k outside the Chicago metro areaRockford
55%
PennsylvaniaPrimary cities of the Lehigh Valley metropolitan areaAllentown
52%
MontanaMajor cities along I-90 starting with BButte
52%
LouisianaCities over 100k along the I-10 corridorLafayette
52%
AlabamaMajor cities starting with MMadison
52%
KentuckyPrimary cities on the Ohio River below LouisvillePaducah
52%
IllinoisCities over 100k outside the Chicago metro areaPeoria
52%
IndianaCities on the St. Joseph River (tributary of Lake Michigan)South Bend
52%
IowaMajor cities starting with DDubuque
48%
MississippiPrimary urban centers on the Gulf CoastGulfport
48%
MinnesotaSuburbs named for their location relative to St. PaulNorth St. Paul
48%
MinnesotaSuburbs named for their location relative to St. PaulSouth St. Paul
48%
MinnesotaSuburbs named for their location relative to St. PaulWest St. Paul
48%
WisconsinPrimary urban centers along the Fox RiverGreen Bay
45%
VirginiaAdjacent cities in the state's far southeastern cornerChesapeake
42%
New HampshireMajor cities along the Merrimack RiverNashua
42%
IdahoCities on the Snake River with names ending in "Falls"Twin Falls
42%
FloridaPrincipal cities of the Tampa Bay areaClearwater
39%
ArkansasUrban centers on the Arkansas River with two-word namesFort Smith
39%
ConnecticutCities starting with "New"New London
39%
South CarolinaUrban centers of the Upstate regionGreenville
36%
MarylandCities in the Maryland PanhandleHagerstown
36%
South CarolinaUrban centers of the Upstate regionSpartanburg
36%
UtahCities named for prophets from the Book of MormonLehi
33%
WisconsinPrimary urban centers along the Fox RiverAppleton
30%
WyomingMajor cities west of the Continental DivideEvanston
30%
NebraskaThe "Tri-Cities," biggest in the central part of the stateGrand Island
30%
KansasFormer territorial capitals starting with LLeavenworth
30%
WisconsinPrimary urban centers along the Fox RiverOshkosh
30%
ArkansasUrban centers on the Arkansas River with two-word namesPine Bluff
30%
North DakotaMajor western cities ending in -NWilliston
30%
NevadaCities starting with W (all three are on I-80)Winnemucca
30%
ArizonaPhoenix suburbs ending in "-dale"Avondale
27%
PennsylvaniaPrimary cities of the Lehigh Valley metropolitan areaBethlehem
27%
MarylandCities in the Maryland PanhandleCumberland
27%
KentuckyPrimary cities on the Ohio River below LouisvilleOwensboro
27%
West VirginiaCities over 10k ending in "-burg"Parkersburg
27%
Rhode IslandCities directly adjacent to ProvidencePawtucket
27%
New MexicoCounty seats starting with AAlamagordo
24%
IndianaCities on the St. Joseph River (tributary of Lake Michigan)Elkhart
24%
WashingtonThe "Tri-Cities" at the confluence of the Yakima, Snake, and Columbia RiversKennewick
24%
West VirginiaCities over 10k ending in "-burg"Martinsburg
24%
OklahomaOklahoma City suburbs starting with MMoore
24%
WyomingMajor cities west of the Continental DivideRock Springs
24%
VermontCities in the vicinity of BurlingtonSouth Burlington
24%
South DakotaPrimary cities in the northeast (also the three biggest one-word cities)Aberdeen
21%
North DakotaMajor western cities ending in -NDickinson
21%
NebraskaThe "Tri-Cities," biggest in the central part of the stateKearney
21%
WashingtonThe "Tri-Cities" at the confluence of the Yakima, Snake, and Columbia RiversRichland
21%
MichiganTwo-word cities over 100k populationSterling Heights
21%
South DakotaPrimary cities in the northeast (also the three biggest one-word cities)Watertown
21%
MassachusettsOne-word cities west of the Connecticut River ending in "-field"Westfield
21%
Rhode IslandCities directly adjacent to ProvidenceCranston
18%
Rhode IslandCities directly adjacent to ProvidenceEast Providence
18%
MassachusettsOne-word cities west of the Connecticut River ending in "-field"Greenfield
18%
WyomingMajor cities west of the Continental DivideGreen River
18%
NebraskaThe "Tri-Cities," biggest in the central part of the stateHastings
18%
North DakotaMajor western cities ending in -NMandan
18%
IndianaCities on the St. Joseph River (tributary of Lake Michigan)Mishawaka
18%
ConnecticutCities starting with "New"New Britain
18%
WashingtonThe "Tri-Cities" at the confluence of the Yakima, Snake, and Columbia RiversPasco
18%
NevadaCities starting with W (all three are on I-80)West Wendover
18%
South CarolinaUrban centers of the Upstate regionAnderson
15%
South DakotaPrimary cities in the northeast (also the three biggest one-word cities)Brookings
15%
West VirginiaCities over 10k ending in "-burg"Clarksburg
15%
DelawareCounty seats of the state's three countiesGeorgetown
15%
KentuckyPrimary cities on the Ohio River below LouisvilleHenderson
15%
UtahCities named for prophets from the Book of MormonNephi
15%
MississippiPrimary urban centers on the Gulf CoastPascagoula
15%
MaineSouthern cities starting with SSouth Portland
15%
IdahoCities on the Snake River with names ending in "Falls"American Falls
12%
PennsylvaniaPrimary cities of the Lehigh Valley metropolitan areaEaston
12%
VermontCities in the vicinity of BurlingtonEssex Junction
12%
HawaiiSeats of the three county governments outside HonoluluLīhuʻe
12%
OklahomaOklahoma City suburbs starting with MMidwest City
12%
UtahCities named for prophets from the Book of MormonMoroni
12%
OklahomaOklahoma City suburbs starting with MMustang
12%
MassachusettsOne-word cities west of the Connecticut River ending in "-field"Pittsfield
12%
VermontCities in the vicinity of BurlingtonWinooski
12%
Puerto RicoSan Juan suburbs over 100k populationBayamón
9%
MarylandCities in the Maryland PanhandleFrostburg
9%
MaineSouthern cities starting with SSaco
9%
MaineSouthern cities starting with SSanford
9%
HawaiiSeats of the three county governments outside HonoluluWailuku
9%
NevadaCities starting with W (all three are on I-80)Wells
9%
New MexicoCounty seats starting with AAztec
6%
KansasFormer territorial capitals starting with LLecompton
6%
Puerto RicoSan Juan suburbs over 100k populationCarolina
3%
New JerseyAtlantic County coast cities with names ending in "City"Margate City
3%
New JerseyAtlantic County coast cities with names ending in "City"Ventnor City
3%
Puerto RicoSan Juan suburbs over 100k populationGuaynabo
0%

Score Distribution

Percentile by Number Answered

Percent of People with Each Score

Your Score History

You have not taken this quiz